Statistics for Closest Countries to 0°N 0°E

Click here to take the quiz!

General Stats

  • This quiz has been taken 31 times
  • The average score is 16 of 20

Answer Stats

DistanceLocationCountry% Correct
573 kmDixcoveGhana
89%
1.070 kmRey EstuaryCameroon
85%
645 kmNouamouCôte d'Ivoire
85%
1.494 kmNsiamfumuD.R. Congo
85%
971 kmPort-GentilGabon
85%
1.238 kmCOT-GUI-LIBGuinea
85%
968 kmHarperLiberia
85%
1.351 kmBEN-BUR-NIGNiger
85%
771 kmBadagryNigeria
85%
693 kmLoméTogo
85%
1.449 kmLagoa de MassabiAngola
81%
717 kmGrand-PopoBenin
81%
1.314 kmMisséniMali
81%
1.309 kmPorroRepublic of the Congo
81%
720 kmSão ToméSão Tomé and Príncipe
81%
645 kmAnnobónEquatorial Guinea
78%
1.461 kmFobuSierra Leone
78%
1.091 kmBUR-COT-GHABurkina Faso
74%
1.816 kmAscension IslandUnited Kingdom
74%
1.717 kmNoufouCentral African Republic
70%

Score Distribution

Percentile by Number Answered

Percent of People with Each Score

Your Score History

You have not taken this quiz